Library Banner

Dero harm ka afsana aur dosray mazameen = دیرو حرم کا افسانہ / (Record no. 122004)

MARC details
000 -LEADER
fixed length control field 00582nam a22001577a 4500
005 - DATE AND TIME OF LATEST TRANSACTION
control field 20210420160417.0
008 - FIXED-LENGTH DATA ELEMENTS--GENERAL INFORMATION
fixed length control field 210420b ||||| |||| 00| 0 eng d
040 ## - CATALOGING SOURCE
Transcribing agency PK-LaUMT
082 ## - DEWEY DECIMAL CLASSIFICATION NUMBER
Classification number RHC 891.4393
Item number WAS-D
100 ## - MAIN ENTRY--PERSONAL NAME
Personal name Wasi Ahmad Bilgrami, Syed = وصی احمد بلگرام، سید
245 ## - TITLE STATEMENT
Title Dero harm ka afsana aur dosray mazameen = دیرو حرم کا افسانہ /
Statement of responsibility, etc by Syed Wasi Ahmad Bilgrami = از سید وصی احمد بلگرامی
260 ## - PUBLICATION, DISTRIBUTION, ETC. (IMPRINT)
Place of publication, distribution, etc Karachi :
Name of publisher, distributor, etc Safeer Bilgarami Academy,
Date of publication, distribution, etc 2003
300 ## - PHYSICAL DESCRIPTION
Extent 304 p.
650 ## - SUBJECT ADDED ENTRY--TOPICAL TERM
Topical term or geographic name as entry element Urdu fiction
942 ## - ADDED ENTRY ELEMENTS (KOHA)
Koha item type Books
Holdings
Withdrawn status Lost status Damaged status Home library Current library Date acquired Full call number Barcode Date last seen Price effective from Koha item type
      UMT Main Campus UMT Main Campus 2021-04-20 RHC 891.4393 WAS-D 136968 2021-04-20 2021-04-20 Books